000 00724nam a22002297a 4500
003 UA-OsUOA
001 74890
007 ta
008 20110419b un ||||| |||| 00| 0 ukr d
090 _a94(477.61-21)(084.12)
_bМ47
942 _cBK
040 _aUA-OsUOA
_bukr
_cUA-OsUOA
_dUA-OsUOA
245 _aМелітополь ХХ століття
_bфотоальбом
_cконс.-краєзнавець М.В.Крилов, канд. геогр. наук, доцент
300 _a224 с.
955 _a2
041 _aukr
080 _a94(477.61-21)(084.12)
020 _a966-7192-90-3
260 _aК.
_bКВІЦ
_c2006
650 7 _a9 Географія. Біографії. Історія
_2UDC
999 _c361185
_d361185